| 000 | 00537nam a2200133Ia 4500 | ||
|---|---|---|---|
| 008 | 171212s9999 xx 000 0 und d | ||
| 020 | _a9780874214345 | ||
| 100 | _aBoquet, Elizabeth | ||
| 245 |
_cBoquet, Elizabeth _aNoise From The Writing Center |
||
| 260 |
_bUniversity Press of Colorado _c2002 |
||
| 650 | _aEnglish language -- Rhetoric -- Study and teaching; Report writing -- Study and teaching (Higher); Tutors and tutoring; Writing centers | ||
| 650 | _aLanguage & Literature | ||
| 856 | _uwww.jstor.org/stable/10.2307/j.ctt46nwjt | ||
| 999 |
_c353127 _d353127 |
||